LEADER 01054nam a2200229 4500 001 000000347985 003 CaOOAMICUS 005 20211001094607.0 008 211001s1931 it 000 u ita r 040 $aSeMil$bita 100 1 $aGirelli, Elisabetta <1839-1919>.$0(OLS)http://semarc/name/37129 245 13$aLa scuola di Gesù Cristo aperta ai fedeli :$bcon trecento meditazioni sul santo Vangelo /$cper E. Girelli. 250 $a3. Ed. completa 264 1$aBrescia :$bLibreria ed. vescovile Queriniana,$c1931. 300 $a541 p. ;$c16 cm 650 4$aVangelo - Meditazioni.$0(OLS)http://semarc/subject/816 850 $aSeMil 852 $aSeMil$W1$xVenegono$y1$m3K I 565$j229656$B239022$CSeMilBibl$Z2$F239022 $81 961 $aParrocchia s. Maria del Carmine (Melegnano) - Omaggio 996 $6245$aLa scuola di Gesù Cristo aperta ai fedeli :$bcon trecento meditazioni sul santo Vangelo$9(OLS)http://semarc/title/437298 996 $6264$aBrescia :$bLibreria ed. vescovile Queriniana$9(OLS)http://semarc/publisher/60152 LEADER 00761nam a2200217 i 4500 001 000000255139 003 CaOOAMICUS 005 20170726000000.0 008 170726s1795 it u000 u ita u 013 $a234044 026 $aliba 7.g- 7.,e (ada (3) 1795 (R) 040 $aSeMil$bita 245 10$aTomo 4. 300 $a[4], 396 p. 500 $aSegn.: pg2 a-2a8 2b6. 773 0 $aAffò, Ireneo <1741-1797>$tStoria della città di Parma scritta dal p. Ireneo Affò ... Tomo 1. [-4.].$dParma : Dalla Stamperia Carmignani, 1792.$g4$w()4200 850 $aSeMil 852 $aSeMil$W1$xVenegono$y1$m3S V 60 FA$j205485$B205485$CSeMilBibl$Z2$F218821 $8I 941 1 $a10 961 $aRecupero: Mantegazza 996 $6245$aTomo 4$9(OLS)http://semarc/title/136909